000 00317nam a2200109Ia 4500
008 220204s9999 xx 000 0 und d
082 _a339.564(035)
_bHAN
245 0 _aexport oriented units and EPZ/FTZ scheme;Handbook on 100
250 _aEd.3
260 _aNew Delhi
_bCofederation of export units
_c1996
942 _cBK
999 _c41011
_d41011